[Event "Bad Woerishofen 2017 - Senioren"]
[Site "Bad Woerishofen"]
[Date "2017.03.15"]
[Round "6.17"]
[White "Ilyes, Peter"]
[Black "Villing, Dieter"]
[Result "0-1"]
[WhiteElo "1968"]
[BlackElo "2089"]
[Annotator "chessorg"]
[PlyCount "84"]
[EventDate "2017.??.??"]
[BlackTeam "SK 1962 Ladenburg"]

1. e4 c5 2. d3 e6 3. Nf3 Nc6 4. g3 Nf6 5. Bg2 d5 6. e5 Nd7 7. Qe2 Qc7 8. Bf4
Be7 9. h4 b5 10. Nc3 Qa5 11. O-O Bb7 12. Ng5 Nd4 13. Qd1 h6 14. Nf3 Nxf3+ 15.
Bxf3 g5 16. hxg5 hxg5 17. Bd2 b4 18. Nxd5 Bxd5 19. Bxd5 exd5 20. e6 fxe6 21.
Qg4 Qb6 22. Rae1 e5 23. c4 Qh6 24. Kg2 Qh2+ 25. Kf3 Nf6 26. Qxg5 e4+ 27. dxe4
dxe4+ 28. Rxe4 Nxe4 29. Qg6+ Kd8 30. Qxe4 Qh5+ 31. g4 Qh3+ 32. Ke2 Rc8 33. Rd1
Qh7 34. Qe6 Qc2 35. Qd5+ Kc7 36. Ke1 Rhd8 37. Bf4+ Kb6 38. Qe6+ Rc6 39. Qe2
Qxe2+ 40. Kxe2 Rxd1 41. Kxd1 Rg6 42. f3 Rf6 0-1

[Event "Bad Woerishofen 2017 - Senioren"]
[Site "Bad Woerishofen"]
[Date "2017.03.15"]
[Round "6.18"]
[White "Krotofil, Kurt"]
[Black "Heppell, Ian"]
[Result "1/2-1/2"]
[WhiteElo "1943"]
[BlackElo "2077"]
[Annotator "chessorg"]
[PlyCount "56"]
[EventDate "2017.??.??"]
[WhiteTeam "Niendorfer TSV 1919 SAbt"]
[BlackTeam "Wimbledon"]

1. d4 d6 2. Nf3 Bg4 3. Nbd2 Nd7 4. g3 e6 5. Bg2 Be7 6. O-O c5 7. b3 Ngf6 8. Bb2
Qc7 9. c4 cxd4 10. Nxd4 O-O 11. Nb5 Qb8 12. Ne4 Nxe4 13. Bxe4 a6 14. Nc3 Rd8
15. Qd4 Nf6 16. Bg2 e5 17. Qd2 Qc7 18. Rfd1 Rac8 19. Rac1 Qb8 20. h3 Be6 21. g4
h6 22. a4 b6 23. Ba3 Bf8 24. Qe3 d5 25. Bxf8 d4 26. Qf3 Kxf8 27. Ne4 Nxe4 28.
Qxe4 Kg8 1/2-1/2

[Event "Bad Woerishofen 2017 - Senioren"]
[Site "Bad Woerishofen"]
[Date "2017.03.15"]
[Round "6.19"]
[White "Engbrecht, Helmut"]
[Black "Keller, Harald"]
[Result "1/2-1/2"]
[WhiteElo "1951"]
[BlackElo "2075"]
[Annotator "chessorg"]
[PlyCount "40"]
[EventDate "2017.??.??"]
[WhiteTeam "SV Schorndorf"]
[BlackTeam "SV Rottweil"]

1. e4 Nf6 2. Nc3 d5 3. exd5 Nxd5 4. Bc4 c6 5. Nge2 Bf5 6. O-O e6 7. Ng3 Bg6 8.
d3 Be7 9. f4 O-O 10. f5 exf5 11. Nxf5 Nb6 12. Nxe7+ Qxe7 13. Bb3 N8d7 14. Bf4
Nc5 15. Qg4 Nxb3 16. axb3 Rfe8 17. h4 Nd7 18. Qg3 Nf6 19. Bg5 Qc5+ 20. Qf2
Qxf2+ 1/2-1/2

[Event "Bad Woerishofen 2017 - Senioren"]
[Site "Bad Woerishofen"]
[Date "2017.03.15"]
[Round "6.20"]
[White "Dahlhaus, Friedhelm"]
[Black "Klett, Thomas"]
[Result "1/2-1/2"]
[WhiteElo "2059"]
[BlackElo "1896"]
[Annotator "chessorg"]
[PlyCount "111"]
[EventDate "2017.??.??"]
[WhiteTeam "DJK Wacker Bergeborbeck 1922"]
[BlackTeam "SV Urach"]

1. e4 Nf6 2. e5 Nd5 3. d4 d6 4. Nf3 Bg4 5. Be2 e6 6. O-O Be7 7. h3 Bxf3 8. Bxf3
c6 9. c4 Nc7 10. Qe2 d5 11. b3 a5 12. Bb2 a4 13. Nd2 a3 14. Bc3 b5 15. c5 b4
16. Bxb4 Nb5 17. Qd3 O-O 18. Bg4 Na6 19. Bc3 Nxc3 20. Qxc3 Nc7 21. f4 Nb5 22.
Qd3 Qa5 23. f5 Nxd4 24. f6 Bxc5 25. Kh1 Qb5 26. Qg3 g6 27. Rf4 Ne2 28. Qh4 Rfe8
29. Rf2 Nd4 30. Rf4 Qd3 31. Rd1 Nf5 32. Bxf5 exf5 33. Qe1 Qe3 34. Qxe3 Bxe3 35.
Rf3 Rxe5 36. Nb1 Bg5 37. Rc3 Re6 38. b4 Bxf6 39. Rxa3 Rxa3 40. Nxa3 Be7 41. Nc2
Re4 42. Nd4 c5 43. bxc5 Bxc5 44. Nb3 Bd6 45. Kg1 d4 46. Kf1 Be5 47. a4 Re3 48.
Nxd4 Bxd4 49. Rxd4 Ra3 50. Kf2 Kg7 51. h4 Kf6 52. g3 Ke5 53. Rd7 Rxa4 54. Rxf7
h5 55. Re7+ Kf6 56. Rb7 1/2-1/2

[Event "Bad Woerishofen 2017 - Senioren"]
[Site "Bad Woerishofen"]
[Date "2017.03.15"]
[Round "6.21"]
[White "Korth, Manfred"]
[Black "Ganslmayer, Anton"]
[Result "1/2-1/2"]
[WhiteElo "1929"]
[BlackElo "2046"]
[Annotator "chessorg"]
[PlyCount "40"]
[EventDate "2017.??.??"]
[WhiteTeam "SC Heideck-Hilpoltstein"]
[BlackTeam "SC Eichenau"]

1. d3 Nf6 2. e4 e5 3. Nf3 Nc6 4. c3 d5 5. Qc2 dxe4 6. dxe4 Bd6 7. Be2 h6 8. O-O
O-O 9. Nbd2 Bd7 10. b4 a6 11. a4 Re8 12. Bb2 Nh7 13. Nc4 Qf6 14. Rfd1 Rad8 15.
b5 Nb8 16. Nxd6 cxd6 17. c4 Bg4 18. Ba3 Bxf3 19. Bxf3 Ng5 20. Rd3 Ne6 1/2-1/2

[Event "Bad Woerishofen 2017 - Senioren"]
[Site "Bad Woerishofen"]
[Date "2017.03.15"]
[Round "6.22"]
[White "Gerl, Hans"]
[Black "Mcandrew, Robert"]
[Result "1-0"]
[WhiteElo "2043"]
[BlackElo "1888"]
[Annotator "chessorg"]
[PlyCount "97"]
[EventDate "2017.??.??"]
[WhiteTeam "SC Bayerwald Regen/Zwiesel e.V."]
[BlackTeam "Gambit bonnevoie"]

1. d4 Nf6 2. c4 g6 3. Nc3 Bg7 4. e4 d6 5. f3 O-O 6. Be3 Nc6 7. Qd2 e5 8. d5 Nd4
9. Nge2 Nxe2 10. Bxe2 b6 11. O-O-O Bd7 12. Bh6 Ne8 13. Bxg7 Nxg7 14. h4 a6 15.
g4 b5 16. Bd3 f6 17. Kb1 Qb8 18. Rdg1 bxc4 19. Bxc4 Qb4 20. Bd3 Rfb8 21. Ka1
Bb5 22. Rg2 Bxd3 23. Qxd3 Rb6 24. Rc1 a5 25. h5 Kf7 26. Nd1 Rb7 27. hxg6+ hxg6
28. Rgc2 Ne8 29. g5 Qd4 30. Qxd4 exd4 31. gxf6 Kxf6 32. Nf2 Rd8 33. Nd3 Rd7 34.
Rc4 Rh7 35. f4 g5 36. fxg5+ Kxg5 37. Rxd4 Rh2 38. Rdc4 Rd2 39. R4c3 Nf6 40.
Rg1+ Ng4 41. b3 a4 42. b4 Rxd3 43. Rxd3 Rxb4 44. Rc3 Rxe4 45. Rxc7 Kf6 46. Rd7
Ne3 47. Rxd6+ Ke5 48. Re6+ Kxd5 49. Rxe4 1-0

[Event "Bad Woerishofen 2017 - Senioren"]
[Site "Bad Woerishofen"]
[Date "2017.03.15"]
[Round "6.24"]
[White "Blutharsch, Walter"]
[Black "Sand, Rolf"]
[Result "1/2-1/2"]
[WhiteElo "1869"]
[BlackElo "2041"]
[Annotator "chessorg"]
[PlyCount "45"]
[EventDate "2017.??.??"]
[WhiteTeam "VfL Sindelfingen"]

1. d4 Nf6 2. c4 g6 3. Nf3 Bg7 4. Nc3 d5 5. cxd5 Nxd5 6. e4 Nxc3 7. bxc3 c5 8.
Bb5+ Nc6 9. O-O O-O 10. Bxc6 bxc6 11. h3 cxd4 12. cxd4 c5 13. Be3 cxd4 14. Bxd4
Be6 15. Qd2 Bxd4 16. Qxd4 Qa5 17. Qe3 Rac8 18. Rfc1 Rxc1+ 19. Rxc1 Rc8 20.
Rxc8+ Bxc8 21. a3 Bb7 22. Nd2 Qa4 23. Kh2 1/2-1/2

[Event "Bad Woerishofen 2017 - Senioren"]
[Site "Bad Woerishofen"]
[Date "2017.03.15"]
[Round "6.25"]
[White "Walther, Reinhard"]
[Black "Thielemann, Joachim"]
[Result "1-0"]
[WhiteElo "2008"]
[BlackElo "1829"]
[Annotator "chessorg"]
[PlyCount "63"]
[EventDate "2017.??.??"]
[WhiteTeam "SK 1911 Herzogenaurach e.V."]
[BlackTeam "SV Eutin"]

1. d4 Nf6 2. Bg5 e6 3. Nd2 Be7 4. e4 d6 5. Bd3 Nbd7 6. f4 h6 7. Bh4 c5 8. c3
Nh7 9. Bf2 b6 10. Ngf3 Bb7 11. e5 Qc7 12. O-O d5 13. c4 g6 14. Rc1 Rc8 15. Qc2
Nhf8 16. cxd5 Bxd5 17. b4 c4 18. b5 Ba3 19. Nxc4 Bxc4 20. Bxc4 Bxc1 21. Rxc1
Nh7 22. Nd2 Kf8 23. Ne4 Kg7 24. Nd6 Rb8 25. Be3 Rhd8 26. Qd2 Kf8 27. Bxe6 Qxc1+
28. Qxc1 fxe6 29. f5 gxf5 30. Bxh6+ Kg8 31. Qf4 Ndf8 32. Qg3+ 1-0

[Event "Bad Woerishofen 2017 - Senioren"]
[Site "Bad Woerishofen"]
[Date "2017.03.15"]
[Round "6.26"]
[White "Krueger, Norbert"]
[Black "Reimann, Guenther"]
[Result "1-0"]
[WhiteElo "2006"]
[BlackElo "1873"]
[Annotator "chessorg"]
[PlyCount "33"]
[EventDate "2017.??.??"]
[WhiteTeam "Ratinger SK"]
[BlackTeam "SC Magstadt"]

1. e4 e6 2. d4 d5 3. Bd3 Nf6 4. e5 Nfd7 5. Nf3 c5 6. c3 Nc6 7. O-O Be7 8. Re1
c4 9. Bc2 b5 10. Nbd2 Rb8 11. Nf1 g5 12. h3 Nf8 13. N3h2 h5 14. Ng3 h4 15. Nh5
Kd7 16. Qf3 Qe8 17. Ng7 1-0

[Event "Bad Woerishofen 2017 - Senioren"]
[Site "Bad Woerishofen"]
[Date "2017.03.15"]
[Round "6.27"]
[White "Schmidt, Ruediger"]
[Black "Hager, Eberhard"]
[Result "0-1"]
[WhiteElo "2001"]
[BlackElo "1730"]
[Annotator "chessorg"]
[PlyCount "46"]
[EventDate "2017.??.??"]
[BlackTeam "SC Friedberg"]

1. d4 Nf6 2. c4 e6 3. Nc3 d5 4. Bg5 c6 5. e3 Nbd7 6. Rc1 Qa5 7. Bxf6 Nxf6 8.
Qa4 Qxa4 9. Nxa4 dxc4 10. g3 Bb4+ 11. Nc3 b5 12. Bg2 Bd7 13. Nf3 Nd5 14. O-O
O-O 15. Ne5 Rad8 16. e4 Nxc3 17. bxc3 Bd6 18. Nxd7 Rxd7 19. e5 Ba3 20. Bxc6 Rc7
21. Bxb5 Bxc1 22. Rxc1 Rb8 23. a4 Rb6 0-1

[Event "Bad Woerishofen 2017 - Senioren"]
[Site "Bad Woerishofen"]
[Date "2017.03.15"]
[Round "6.28"]
[White "Trefzer, Erhard"]
[Black "Spurga, Josef"]
[Result "0-1"]
[WhiteElo "1886"]
[BlackElo "2007"]
[Annotator "chessorg"]
[PlyCount "52"]
[EventDate "2017.??.??"]
[WhiteTeam "SV Besigheim"]
[BlackTeam "VfL Sindelfingen"]

1. e4 c5 2. Nc3 d6 3. g3 Nc6 4. Bg2 g6 5. d3 Bg7 6. Be3 Nf6 7. h3 e6 8. Qd2 O-O
9. Bh6 d5 10. Bxg7 Kxg7 11. Nge2 d4 12. Nd1 e5 13. f4 exf4 14. Nxf4 Ne5 15. O-O
h6 16. Qf2 Be6 17. b3 g5 18. Nxe6+ fxe6 19. Qe1 Nh5 20. Nb2 b5 21. Kh2 Qc7 22.
Kh1 Rxf1+ 23. Bxf1 Nf3 24. Qf2 Nxg3+ 25. Kg2 Nh4+ 26. Kg1 Rf8 0-1

[Event "Bad Woerishofen 2017 - Senioren"]
[Site "Bad Woerishofen"]
[Date "2017.03.15"]
[Round "6.29"]
[White "Braeu, Ludwig"]
[Black "Streiter, Manfred"]
[Result "1/2-1/2"]
[WhiteElo "1878"]
[BlackElo "1977"]
[Annotator "chessorg"]
[PlyCount "64"]
[EventDate "2017.??.??"]
[WhiteTeam "Markt Oberdorf"]
[BlackTeam "SGem Vaihingen-Rohr"]

1. Nf3 d5 2. c4 e6 3. g3 Nf6 4. Bg2 dxc4 5. Qa4+ Bd7 6. Qxc4 Bc6 7. O-O Nbd7 8.
Qc2 Be7 9. Nc3 O-O 10. d4 Re8 11. Rd1 Bf8 12. b3 Bb4 13. Bb2 Qe7 14. a3 Bxc3
15. Qxc3 Nb6 16. Rac1 Ne4 17. Qc2 Nf6 18. Ne5 Bxg2 19. Kxg2 c6 20. f3 Nfd5 21.
Qd2 Nd7 22. Nd3 Rad8 23. e4 N5f6 24. Qa5 Ra8 25. Qc7 Rab8 26. a4 Rec8 27. Qa5
Ra8 28. Rc2 Qd8 29. Qb4 Qb6 30. Ba3 a5 31. Qxb6 Nxb6 32. Kf2 Nbd7 1/2-1/2

[Event "Bad Woerishofen 2017 - Senioren"]
[Site "Bad Woerishofen"]
[Date "2017.03.15"]
[Round "6.30"]
[White "Scholz, Herbert"]
[Black "Leutz, Hans"]
[Result "1/2-1/2"]
[WhiteElo "1838"]
[BlackElo "1968"]
[Annotator "chessorg"]
[PlyCount "71"]
[EventDate "2017.??.??"]
[WhiteTeam "Post SV Neustadt"]

1. b3 Nf6 2. Bb2 e6 3. e3 d5 4. Nf3 Bd6 5. c4 c6 6. Nc3 O-O 7. h3 Nbd7 8. d4
Qe7 9. c5 Bc7 10. Qc2 e5 11. O-O-O e4 12. Nd2 b6 13. Na4 Bb7 14. g4 b5 15. Nc3
a5 16. g5 Ne8 17. h4 Ba6 18. Rh3 b4 19. Na4 Bb5 20. f4 Bxa4 21. bxa4 f6 22. Nb3
Bd8 23. Qg2 Qf7 24. Be2 Ra7 25. Rg1 Kh8 26. Rg3 fxg5 27. hxg5 g6 28. Rh3 Qe7
29. Rgh1 Rf7 30. Rh6 Nf8 31. Bg4 Rg7 32. Kd2 Nc7 33. Bh3 Kg8 34. Rg1 Nce6 35.
Bxe6+ Qxe6 36. Qg4 1/2-1/2

[Event "Bad Woerishofen 2017 - Senioren"]
[Site "Bad Woerishofen"]
[Date "2017.03.15"]
[Round "6.31"]
[White "Wenske, Hardy"]
[Black "Trebbin, Wolfhard"]
[Result "1/2-1/2"]
[WhiteElo "1814"]
[BlackElo "1960"]
[Annotator "chessorg"]
[PlyCount "31"]
[EventDate "2017.??.??"]
[WhiteTeam "Kieler SG von 1884"]
[BlackTeam "SG Lasker Steglitz-Wilmersdorf"]

1. Nf3 d5 2. d4 c6 3. e3 Nf6 4. Bd3 e6 5. Nbd2 Nbd7 6. e4 dxe4 7. Nxe4 Be7 8.
O-O h6 9. Re1 Qc7 10. Qe2 O-O 11. Nxf6+ Nxf6 12. Ne5 Rd8 13. c3 c5 14. Be3 Bd6
15. Qf3 Ne8 16. Rad1 1/2-1/2

[Event "Bad Woerishofen 2017 - Senioren"]
[Site "Bad Woerishofen"]
[Date "2017.03.15"]
[Round "6.32"]
[White "Zwetz, Anita"]
[Black "Koenigl, Anton"]
[Result "1-0"]
[WhiteElo "1813"]
[BlackElo "1922"]
[Annotator "chessorg"]
[PlyCount "89"]
[EventDate "2017.??.??"]
[WhiteTeam "TSV Kareth-Lappersdorf"]
[BlackTeam "FC Ergolding 1932 e.V."]

1. d4 g6 2. Nf3 c5 3. dxc5 Qa5+ 4. Bd2 Qxc5 5. Bc3 f6 6. Nbd2 Bg7 7. Nb3 Qc7 8.
e3 e6 9. Bd3 Nc6 10. Ng5 d5 11. Nxh7 Nce7 12. Ng5 Rxh2 13. Rg1 e5 14. Bb5+ Kf8
15. Nf3 Rh6 16. Qd2 Be6 17. O-O-O a6 18. Be2 Nc6 19. Rh1 Nge7 20. Rxh6 Bxh6 21.
Rh1 Kg7 22. Qe1 Rc8 23. Kb1 b5 24. Bd1 Rb8 25. Nc5 Bc8 26. Nb3 b4 27. Bd2 a5
28. e4 g5 29. exd5 Nxd5 30. Qe4 Nde7 31. g4 Qd6 32. Be3 Qe6 33. Nh4 Qd5 34.
Qxd5 Nxd5 35. Ng2 Nxe3 36. Nxe3 a4 37. Nc5 a3 38. Nf5+ Bxf5 39. gxf5 Nd4 40.
Nd7 Rd8 41. Nxf6 Nxf5 42. Ng4 Re8 43. Be2 Kg6 44. Nxh6 Nxh6 45. Bh5+ 1-0

[Event "Bad Woerishofen 2017 - Senioren"]
[Site "Bad Woerishofen"]
[Date "2017.03.15"]
[Round "6.33"]
[White "Schirmer, Werner"]
[Black "Huhn, Ulrich"]
[Result "1-0"]
[WhiteElo "1918"]
[BlackElo "1808"]
[Annotator "chessorg"]
[PlyCount "51"]
[EventDate "2017.??.??"]
[WhiteTeam "Hamburger SK von 1830 eV"]
[BlackTeam "SF Siemensstadt"]

1. e4 d5 2. exd5 Nf6 3. d4 Nxd5 4. Nf3 Bg4 5. Be2 e6 6. O-O Be7 7. Ne5 Bxe2 8.
Qxe2 O-O 9. c4 Nf6 10. Be3 Nbd7 11. Nc3 Nxe5 12. dxe5 Nd7 13. Rad1 Qe8 14. Nb5
Rc8 15. Nxa7 Ra8 16. Nb5 Qc8 17. a3 Rd8 18. Bf4 Nb8 19. Rxd8+ Qxd8 20. Rd1 Qc8
21. Qg4 Nc6 22. Rd3 Na7 23. Bh6 Bf8 24. Nxa7 Rxa7 25. Bg5 g6 26. Rd8 1-0

[Event "Bad Woerishofen 2017 - Senioren"]
[Site "Bad Woerishofen"]
[Date "2017.03.15"]
[Round "6.34"]
[White "Bjorgvik, Jan Arne"]
[Black "Castellano, Alfonso"]
[Result "1-0"]
[WhiteElo "1779"]
[BlackElo "1916"]
[Annotator "chessorg"]
[PlyCount "61"]
[EventDate "2017.??.??"]

1. e4 c5 2. Nf3 d6 3. d4 cxd4 4. Nxd4 Nf6 5. Nc3 a6 6. Be2 e5 7. Nf3 h6 8. h3
Be6 9. O-O Nc6 10. Be3 d5 11. exd5 Nxd5 12. Nxd5 Bxd5 13. c4 Be6 14. Qa4 Qc7
15. Rfd1 Be7 16. c5 O-O 17. b4 f5 18. Rac1 f4 19. Bd2 e4 20. Nh2 e3 21. fxe3
fxe3 22. Be1 Qf4 23. Nf3 Rad8 24. Qc2 Nxb4 25. Bxb4 Qxb4 26. c6 Rxd1+ 27. Rxd1
Rc8 28. Nd4 Bd5 29. Qf5 Rxc6 30. Qxd5+ Kh8 31. Nxc6 1-0

[Event "Bad Woerishofen 2017 - Senioren"]
[Site "Bad Woerishofen"]
[Date "2017.03.15"]
[Round "6.35"]
[White "Goris-Schouwstra, Adry"]
[Black "Abegg, Beat"]
[Result "0-1"]
[WhiteElo "1752"]
[BlackElo "1904"]
[Annotator "chessorg"]
[PlyCount "98"]
[EventDate "2017.??.??"]
[BlackTeam "SK Altdorf"]

1. d4 d5 2. Nf3 c6 3. e3 Bf5 4. Bd3 Bxd3 5. Qxd3 e6 6. O-O Nd7 7. Nbd2 Ngf6 8.
e4 dxe4 9. Nxe4 Nxe4 10. Qxe4 Nf6 11. Qe2 Qc7 12. c4 Be7 13. h3 O-O 14. Bg5
Rfe8 15. Rac1 h6 16. Be3 Bd6 17. Rfe1 Red8 18. b3 a5 19. Red1 a4 20. c5 Be7 21.
b4 Nd5 22. Bd2 Bf6 23. b5 cxb5 24. Qxb5 Qc6 25. Qxc6 bxc6 26. Rb1 Rdb8 27. g3
a3 28. Rb3 Rxb3 29. axb3 a2 30. Ra1 g5 31. Kg2 h5 32. Ne5 Bxe5 33. dxe5 Kg7 34.
Kf1 g4 35. hxg4 hxg4 36. Ke2 Kg6 37. Bc1 Kf5 38. Bb2 Rb8 39. Rxa2 Rxb3 40. Bd4
Ke4 41. Rd2 Rb4 42. Bb2 Rc4 43. f3+ gxf3+ 44. Kf2 Ne3 45. Ba3 Rc2 46. Rxc2 Nxc2
47. Bc1 Nb4 48. Ba3 Nd3+ 49. Kf1 Nxe5 0-1

[Event "Bad Woerishofen 2017 - Senioren"]
[Site "Bad Woerishofen"]
[Date "2017.03.15"]
[Round "6.36"]
[White "Rumsey, Victor"]
[Black "Auterhoff, Juergen"]
[Result "1/2-1/2"]
[WhiteElo "1897"]
[BlackElo "1749"]
[Annotator "chessorg"]
[PlyCount "39"]
[EventDate "2017.??.??"]
[WhiteTeam "Battersea"]
[BlackTeam "SC Pasing von 1948 e.V."]

1. d4 Nf6 2. c4 e6 3. Nf3 b6 4. g3 Bb7 5. Bg2 Bb4+ 6. Bd2 Bxd2+ 7. Qxd2 O-O 8.
Nc3 d6 9. O-O Nbd7 10. Qc2 c5 11. d5 exd5 12. Nh4 Ne5 13. Rad1 Nxc4 14. Nxd5
Bxd5 15. Bxd5 Nxd5 16. Rxd5 Na5 17. Rfd1 Nb7 18. Nf5 Qc7 19. Qc3 f6 20. Nxd6
1/2-1/2

[Event "Bad Woerishofen 2017 - Senioren"]
[Site "Bad Woerishofen"]
[Date "2017.03.15"]
[Round "6.37"]
[White "Schnell, Franz"]
[Black "Dietl, Robert"]
[Result "0-1"]
[WhiteElo "1723"]
[BlackElo "1893"]
[Annotator "chessorg"]
[PlyCount "84"]
[EventDate "2017.??.??"]
[WhiteTeam "SV Trossingen"]
[BlackTeam "SK Koenigsbrunn"]

1. d4 d5 2. Nf3 Nf6 3. Bf4 e6 4. e3 c5 5. c3 Nc6 6. Nbd2 Bd6 7. dxc5 Bxc5 8.
Bd3 Bd6 9. Bxd6 Qxd6 10. O-O O-O 11. h3 e5 12. Bc2 Be6 13. Ng5 Rad8 14. Nxe6
Qxe6 15. Nf3 Rfe8 16. Re1 Rd7 17. Bb3 Qe7 18. Rc1 a6 19. a3 Qc5 20. Bc2 b5 21.
Ng5 h6 22. Nf3 Qb6 23. Bb1 a5 24. b3 Red8 25. Qc2 d4 26. exd4 exd4 27. cxd4
Nxd4 28. Nxd4 Qxd4 29. Qe2 b4 30. Rc4 Qb6 31. axb4 axb4 32. Re4 Nxe4 33. Qxe4
g6 34. h4 Rd1 35. Bc2 Rxe1+ 36. Qxe1 Qc6 37. Qe2 Rc8 38. Bd3 Re8 39. Qg4 Re1+
40. Kh2 Qd6+ 41. g3 Qxd3 42. Qxb4 Qe4 0-1

[Event "Bad Woerishofen 2017 - Senioren"]
[Site "Bad Woerishofen"]
[Date "2017.03.15"]
[Round "6.38"]
[White "Lachat, Martin"]
[Black "Hansch, Klaus-Michael"]
[Result "0-1"]
[WhiteElo "1642"]
[BlackElo "1890"]
[Annotator "chessorg"]
[PlyCount "112"]
[EventDate "2017.??.??"]
[WhiteTeam "ASK Réti Zuerich"]
[BlackTeam "SC Weisse Dame e.V."]

1. c4 c5 2. Nc3 Nc6 3. Nf3 e6 4. g3 Nf6 5. Bg2 Be7 6. O-O O-O 7. d4 cxd4 8.
Nxd4 a6 9. e4 d6 10. Nxc6 bxc6 11. b3 Qc7 12. Bb2 Bb7 13. Rc1 Rad8 14. Qe2 Qb8
15. Rfd1 Nd7 16. Ba3 c5 17. Rc2 Qa8 18. Bc1 Ne5 19. Bf4 Nc6 20. Rcd2 Qb8 21.
Na4 Ne5 22. Nc3 Ng6 23. Be3 Bf6 24. Nb1 Qc7 25. f4 Be7 26. Nc3 Bc6 27. Rd3 Rb8
28. Kf2 Rfd8 29. h4 Qb7 30. h5 Nf8 31. Bc1 h6 32. Bh3 Bf6 33. e5 dxe5 34. fxe5
Be7 35. Qg4 Kh8 36. Qe2 Rxd3 37. Rxd3 Rd8 38. Rxd8 Bxd8 39. Be3 Be7 40. Na4 Qb4
41. Bg2 Bxa4 42. Bd2 Qa3 43. bxa4 Qxa4 44. Be3 Qd7 45. Qf3 Kg8 46. Qg4 Kh8 47.
Qf4 Qe8 48. Be4 Bg5 49. Qf3 Bxe3+ 50. Kxe3 Kg8 51. Kf4 Qe7 52. Qg4 Qd8 53. Qh4
Qd2+ 54. Kf3 Qc3+ 55. Kg2 Qxe5 56. Kf3 Qc3+ 0-1

[Event "Bad Woerishofen 2017 - Senioren"]
[Site "Bad Woerishofen"]
[Date "2017.03.15"]
[Round "6.39"]
[White "Rahn, Oskar"]
[Black "Kumeth, Hartmut"]
[Result "1/2-1/2"]
[WhiteElo "2088"]
[BlackElo "1813"]
[Annotator "chessorg"]
[PlyCount "60"]
[EventDate "2017.??.??"]
[BlackTeam "SK Union Oldenburg"]

1. e4 e5 2. Nf3 Nc6 3. d4 exd4 4. Nxd4 Bc5 5. Be3 Bxd4 6. Bxd4 Nxd4 7. Qxd4 Qf6
8. Qc3 c6 9. Bd3 Qxc3+ 10. Nxc3 d6 11. a4 Nf6 12. O-O Be6 13. f4 O-O 14. Rad1
Rad8 15. f5 Bc8 16. Be2 Rfe8 17. Bf3 Re5 18. Rf2 Kf8 19. Rfd2 Ke7 20. g4 h6 21.
Kf2 g5 22. h3 Ne8 23. b3 Kd7 24. Ne2 Kc7 25. c4 b6 26. Nc1 a5 27. Nd3 Re7 28.
Ne1 Re5 29. Nc2 Nf6 30. Re2 Rde8 1/2-1/2

[Event "Bad Woerishofen 2017 - Senioren"]
[Site "Bad Woerishofen"]
[Date "2017.03.15"]
[Round "6.40"]
[White "Birkestrand, Odd"]
[Black "Plischke, Berthold"]
[Result "0-1"]
[WhiteElo "1726"]
[BlackElo "1987"]
[Annotator "chessorg"]
[PlyCount "38"]
[EventDate "2017.??.??"]
[WhiteTeam "Norges Sjakkforbund"]
[BlackTeam "SV Wesel 1928 e.V."]

1. e4 e6 2. d4 d5 3. e5 c5 4. c3 Nc6 5. Nf3 Bd7 6. dxc5 Bxc5 7. Bd3 f6 8. Qe2
fxe5 9. Nxe5 Nxe5 10. Qxe5 Nf6 11. O-O O-O 12. Bg5 Ng4 13. Qg3 Qxg5 14. h3 Rxf2
15. Qc7 Rxf1+ 16. Kxf1 Rf8+ 17. Ke2 Qe3+ 18. Kd1 Qxd3+ 19. Nd2 Rf1# 0-1

[Event "Bad Woerishofen 2017 - Senioren"]
[Site "Bad Woerishofen"]
[Date "2017.03.15"]
[Round "6.41"]
[White "Meinke, Dietlind"]
[Black "Weyand, Fernand"]
[Result "1-0"]
[WhiteElo "1904"]
[BlackElo "1747"]
[Annotator "chessorg"]
[PlyCount "61"]
[EventDate "2017.??.??"]
[WhiteTeam "MTV Leck von 1889"]
[BlackTeam "SVG Saarbruecken 1970 e.V."]

1. e4 c6 2. d4 d5 3. Nc3 dxe4 4. Nxe4 Bf5 5. Ng3 Bg6 6. h4 h6 7. Nf3 Nd7 8. h5
Bh7 9. Bd3 Bxd3 10. Qxd3 e6 11. Bf4 Qa5+ 12. c3 Ngf6 13. b4 Qb5 14. Qc2 a5 15.
a4 Qb6 16. bxa5 Rxa5 17. O-O Nxh5 18. Nxh5 Rxh5 19. Rfb1 Qa7 20. Qb3 b6 21. Ne5
Nxe5 22. Bxe5 Rxe5 23. dxe5 Bc5 24. Ra2 Ke7 25. Rd1 h5 26. Rd3 h4 27. c4 Rh5
28. Re2 Qc7 29. Qd1 f6 30. exf6+ gxf6 31. Red2 1-0

[Event "Bad Woerishofen 2017 - Senioren"]
[Site "Bad Woerishofen"]
[Date "2017.03.15"]
[Round "6.42"]
[White "Sand, Rosemarie"]
[Black "Stokes, Paul"]
[Result "1-0"]
[WhiteElo "1719"]
[BlackElo "1867"]
[Annotator "chessorg"]
[PlyCount "89"]
[EventDate "2017.??.??"]
[WhiteTeam "Pfullingen"]
[BlackTeam "Battersea"]

1. d4 Nf6 2. c4 e6 3. g3 Bb4+ 4. Bd2 Qe7 5. Bg2 Nc6 6. Nf3 Bxd2+ 7. Nbxd2 d6 8.
O-O O-O 9. e4 e5 10. d5 Nb8 11. b4 a5 12. a3 b6 13. Qc2 Nbd7 14. Rfc1 Bb7 15.
Ne1 c6 16. Nd3 cxd5 17. cxd5 Rfc8 18. Qb2 Ba6 19. b5 Bb7 20. a4 Nc5 21. Nxc5
bxc5 22. Nc4 Qd8 23. Qd2 Rcb8 24. f4 exf4 25. Qxf4 Ne8 26. Rf1 f6 27. g4 Bc8
28. g5 Rb7 29. Ra3 Rf7 30. Rg3 Raa7 31. g6 Rfe7 32. gxh7+ Kh8 33. Bh3 Bxh3 34.
Rxh3 g5 35. Qf5 Rxh7 36. Rxh7+ Rxh7 37. Rf2 Qd7 38. Qxd7 Rxd7 39. Kg2 Kg7 40.
b6 Rb7 41. Rb2 Rb8 42. Nxa5 Kf7 43. Nc4 Ke7 44. a5 Kd7 45. a6 1-0

[Event "Bad Woerishofen 2017 - Senioren"]
[Site "Bad Woerishofen"]
[Date "2017.03.15"]
[Round "6.43"]
[White "Klimpel, Siegfried"]
[Black "Zappi, Adriano"]
[Result "1-0"]
[WhiteElo "1865"]
[BlackElo "1729"]
[Annotator "chessorg"]
[PlyCount "149"]
[EventDate "2017.??.??"]
[WhiteTeam "TSV Kareth - Lappersdorf"]
[BlackTeam "Merania"]

1. e4 c5 2. d4 cxd4 3. c3 d6 4. cxd4 Nf6 5. Nc3 e6 6. Nf3 Be7 7. Bd3 Bd7 8. O-O
O-O 9. Bf4 a6 10. Rc1 Nc6 11. Bb1 Rc8 12. a3 b5 13. e5 Ne8 14. Qd3 f5 15. exf6
Nxf6 16. Ng5 h6 17. Nge4 Kf7 18. Nxd6+ Bxd6 19. Bxd6 Ne7 20. Bc5 Re8 21. b4 Bc6
22. Rcd1 Ned5 23. Qg6+ Kg8 24. Nxd5 Qxd5 25. Rde1 Qd7 26. Re3 Qf7 27. Rfe1 Bd5
28. Qg3 Red8 29. Bg6 Qc7 30. Qxc7 Rxc7 31. Bb6 Rdc8 32. Bxc7 Rxc7 33. h3 Rc4
34. Rd1 Kf8 35. f4 Rc7 36. f5 exf5 37. Bxf5 Bc4 38. Bg6 Rd7 39. Rde1 Bf7 40.
Bxf7 Kxf7 41. Rd3 Nd5 42. Re5 Rd6 43. Kf2 g5 44. g3 Nb6 45. Rf5+ Kg6 46. g4 Nd5
47. Rff3 Nf4 48. Rd2 Rd5 49. Rc3 Rd6 50. Kg3 Kf6 51. h4 Nd5 52. Rc5 gxh4+ 53.
Kxh4 Kg6 54. Rc8 Ne3 55. d5 Nc4 56. Rd3 Kf6 57. Rc6 Ke5 58. Rxd6 Kxd6 59. Kh5
Ne5 60. Re3 Kxd5 61. Rxe5+ Kxe5 62. Kxh6 Kd4 63. g5 Kc4 64. g6 Kb3 65. g7 Kxa3
66. g8=Q Kxb4 67. Qf8+ Ka4 68. Qf6 a5 69. Qb2 b4 70. Kg5 b3 71. Kf4 Kb4 72. Ke3
a4 73. Kd3 a3 74. Qc3+ Ka4 75. Kc4 1-0